[Event "Al-Ain Classic Open A 2013"]
[Site "Al-Ain UAE"]
[Date "2013.12.23"]
[Round "5.48"]
[White "Alahakoon, Isuru"]
[Black "Laabi Chian, Majid"]
[Result "1-0"]
[WhiteElo "2067"]
[BlackElo "2092"]
[WhiteFideId "9900993"]
[BlackFideId "12500224"]
[EventDate "2013.12.19"]

1. e4 d6 2. d4 Nf6 3. Nc3 g6 4. Nf3 Bg7 5. Be3 O-O 6. Qd2 c6 7. Bh6 b5 8. Bd3
Nbd7 9. h4 e5 10. h5 Bxh6 11. Qxh6 Ng4 12. Qd2 Qf6 13. dxe5 Ndxe5 14. Nxe5 Nxe5
15. O-O-O Be6 16. Kb1 b4 17. Ne2 d5 18. Qf4 Qxf4 19. Nxf4 g5 20. exd5 cxd5 21.
Ne2 Ng4 22. Rdf1 h6 23. Nd4 Bd7 24. f3 Ne3 25. Rf2 f5 26. f4 g4 27. b3 Rae8 28.
g3 Re4 29. Bxe4 dxe4 30. Rd2 Nd5 31. Ne2 Nf6 32. Rd6 Rf7 33. a3 a5 34. a4 e3 35.
Rhd1 Be8 36. Re6 Kf8 1-0

[Event "Al-Ain Classic Open A 2013"]
[Site "Al-Ain UAE"]
[Date "2013.12.24"]
[Round "6.2"]
[White "Durarbayli, Vasif"]
[Black "Amin, Bassem"]
[Result "1/2-1/2"]
[WhiteTitle "GM"]
[BlackTitle "GM"]
[WhiteElo "2559"]
[BlackElo "2654"]
[WhiteFideId "13402935"]
[BlackFideId "10601457"]
[EventDate "2013.12.19"]

1. e4 e5 2. Nf3 Nc6 3. Bb5 a6 4. Ba4 Nf6 5. O-O Be7 6. Re1 b5 7. Bb3 d6 8. c3
O-O 9. h3 Nb8 10. d3 Nbd7 11. Nbd2 Bb7 12. Nf1 Nc5 13. Bc2 Re8 14. Ng3 Bf8 15.
b4 Ne6 16. Nf5 c5 17. a3 Rc8 18. Bd2 Nf4 19. d4 cxd4 20. cxd4 g6 21. Ng3 Bg7 22.
a4 h5 23. axb5 axb5 24. Ra7 Qb6 25. dxe5 Qxa7 26. exf6 Bh6 27. Be3 Qa3 28. Nd4
Re5 29. Qb1 Rc4 30. Bb3 Rc3 31. Bd5 Nxh3+ 32. Kh2 Bxe3 33. fxe3 Rxe3 34. Nxb5
Rxe1 35. Qxe1 Qa6 36. Qd2 Ng5 37. Nf5 Rxf5 38. exf5 Qxb5 39. Bxb7 Qe5+ 40. Kh1
Qxf6 41. fxg6 fxg6 42. Bd5+ Nf7 43. b5 Qf1+ 44. Kh2 Qxb5 45. Bxf7+ Kxf7 46. Qxd6
Qf5 47. Qc7+ Kf6 48. Qd6+ Kg7 49. Qe7+ Kh6 50. Qe3+ Qg5 51. Qxg5+ Kxg5 52. Kh3
Kf4 53. Kh4 Kf5 54. g3 Kf6 55. g4 hxg4 1/2-1/2

[Event "Al-Ain Classic Open A 2013"]
[Site "Al-Ain UAE"]
[Date "2013.12.24"]
[Round "6.3"]
[White "Kveinys, Aloyzas"]
[Black "Miroshnichenko, Evgenij"]
[Result "1/2-1/2"]
[WhiteTitle "GM"]
[BlackTitle "GM"]
[WhiteElo "2534"]
[BlackElo "2626"]
[WhiteFideId "12800040"]
[BlackFideId "14102595"]
[EventDate "2013.12.19"]

1. d4 g6 2. g3 Bg7 3. Bg2 d6 4. Nf3 Nd7 5. O-O e5 6. c4 Ne7 7. Nc3 O-O 8. e3 h6
9. Qb3 Kh7 10. Rd1 Nc6 11. h3 f5 12. dxe5 dxe5 13. Nb5 a6 14. Qa3 e4 15. Ne1
Nce5 16. Bf1 axb5 17. Qxa8 bxc4 18. Qa7 c6 19. Bd2 Nd3 20. Bc3 Bxc3 21. bxc3 Nb6
22. Qa3 Nd5 23. Nxd3 exd3 24. Qc5 Nxc3 25. Qa7 Nxd1 26. Rxd1 1/2-1/2

[Event "Al-Ain Classic Open A 2013"]
[Site "Al-Ain UAE"]
[Date "2013.12.24"]
[Round "6.4"]
[White "Rasulov, Vugar"]
[Black "Kravtsiv, Martyn"]
[Result "1/2-1/2"]
[WhiteTitle "GM"]
[BlackTitle "GM"]
[WhiteElo "2529"]
[BlackElo "2617"]
[WhiteFideId "13402390"]
[BlackFideId "14113147"]
[EventDate "2013.12.19"]

1. Nf3 Nf6 2. g3 b5 3. Bg2 Bb7 4. Na3 b4 5. Nc4 e6 6. O-O Be7 7. a3 bxa3 8. b3
d5 9. Na5 Ba6 10. c3 O-O 11. Ne5 Bd6 1/2-1/2

[Event "Al-Ain Classic Open A 2013"]
[Site "Al-Ain UAE"]
[Date "2013.12.24"]
[Round "6.5"]
[White "Mirzoev, Azer"]
[Black "Vovk, Andrey"]
[Result "0-1"]
[WhiteTitle "GM"]
[BlackTitle "GM"]
[WhiteElo "2518"]
[BlackElo "2599"]
[WhiteFideId "13400304"]
[BlackFideId "14114470"]
[EventDate "2013.12.19"]

1. d4 f5 2. Bg5 h6 3. Bh4 g5 4. Bg3 Nf6 5. e3 d6 6. Nd2 Nc6 7. c3 e5 8. dxe5
dxe5 9. f3 Bc5 10. Bb5 O-O 11. Qe2 Qe7 12. e4 f4 13. Bf2 Kg7 14. O-O-O Nd8 15.
Bc4 c6 16. Qe1 b5 17. Bb3 a5 18. Ne2 a4 19. Bc2 Bxf2 20. Qxf2 Be6 21. Kb1 c5 22.
g3 fxg3 23. Nxg3 b4 24. cxb4 cxb4 25. Bd3 Qf7 26. Nf5+ Kh7 27. h4 Bxa2+ 28. Ka1
g4 29. Qe3 Ng8 30. fxg4 0-1

[Event "Al-Ain Classic Open A 2013"]
[Site "Al-Ain UAE"]
[Date "2013.12.24"]
[Round "6.6"]
[White "Salem, A.R. Saleh"]
[Black "Golizadeh, Asghar"]
[Result "1-0"]
[WhiteTitle "GM"]
[BlackTitle "GM"]
[WhiteElo "2564"]
[BlackElo "2500"]
[WhiteFideId "9301348"]
[BlackFideId "12505269"]
[EventDate "2013.12.19"]

1. e4 c5 2. Nf3 g6 3. d4 cxd4 4. Nxd4 Nc6 5. Nc3 Bg7 6. Be3 Nf6 7. Bc4 O-O 8.
Bb3 a5 9. O-O Nxd4 10. Qxd4 d6 11. Rfe1 Bd7 12. a4 Bc6 13. Qd3 Nd7 14. Rad1 Nc5
15. Bxc5 dxc5 16. Bxf7+ Kh8 17. Bd5 Qb6 18. Bxc6 bxc6 19. e5 c4 20. Qe2 Qxb2 21.
Qxc4 Qxc2 22. Re2 Qf5 23. Qc5 Qe6 24. h3 Rf5 25. Rde1 h6 26. f3 Rff8 27. Re4
Rfd8 28. Ne2 Qd5 29. Qc1 g5 30. Nd4 c5 31. Nf5 Bf8 32. h4 Qf7 33. Ng3 1-0

[Event "Al-Ain Classic Open A 2013"]
[Site "Al-Ain UAE"]
[Date "2013.12.24"]
[Round "6.7"]
[White "Ipatov, Alexander"]
[Black "Rzayev, Bahruz"]
[Result "1/2-1/2"]
[WhiteTitle "GM"]
[BlackTitle "IM"]
[WhiteElo "2635"]
[BlackElo "2465"]
[WhiteFideId "14116731"]
[BlackFideId "13403036"]
[EventDate "2013.12.19"]

1. c4 c5 2. g3 Nc6 3. Bg2 Nf6 4. Nc3 d6 5. Nf3 e5 6. O-O Be7 7. e3 O-O 8. b3 Bf5
9. d3 Qd7 10. Bb2 Bh3 11. Bxh3 Qxh3 12. Ng5 Qg4 13. Nge4 Qxd1 14. Nxf6+ Bxf6 15.
Raxd1 g6 16. g4 h6 17. Ne4 Be7 18. f4 f5 19. gxf5 gxf5 20. Nc3 exf4 21. Rxf4 Bg5
22. Rf3 Ne5 23. Rg3 Kh7 24. Nd5 f4 25. exf4 Bxf4 26. Rg2 Nf3+ 27. Kh1 Bg5 28.
Nc7 Rac8 29. Ne6 Rf7 30. Rf1 Re8 31. Re2 Rfe7 32. Nxg5+ Nxg5 33. Rxe7+ Rxe7 34.
h4 Nf7 35. Bf6 Re6 36. h5 Re3 37. Bd4 Rh3+ 38. Kg2 Ng5 39. Ba1 Kg8 40. Rf6 Rxd3
41. Rxh6 Rd2+ 42. Kg3 Rxa2 43. Kg4 Rxa1 44. Kxg5 Rg1+ 45. Kf6 Rf1+ 46. Ke7 Rf3
47. Kxd6 b6 48. Re6 Rxb3 49. Re8+ Kg7 50. Re7+ Kh6 51. Rxa7 Kxh5 52. Kc6 1/2-1/2

[Event "Al-Ain Classic Open A 2013"]
[Site "Al-Ain UAE"]
[Date "2013.12.24"]
[Round "6.8"]
[White "Pashikian, Arman"]
[Black "Gagare, Shardul"]
[Result "1/2-1/2"]
[WhiteTitle "GM"]
[BlackTitle "IM"]
[WhiteElo "2617"]
[BlackElo "2442"]
[WhiteFideId "13301578"]
[BlackFideId "5037883"]
[EventDate "2013.12.19"]

1. c4 g6 2. Nf3 Bg7 3. d4 Nf6 4. Nc3 O-O 5. g3 d6 6. Bg2 Nbd7 7. O-O e5 8. b3
Re8 9. e4 exd4 10. Nxd4 Nc5 11. f3 c6 12. Be3 Ncd7 13. Nde2 d5 14. cxd5 cxd5 15.
Nxd5 Nxd5 16. Qxd5 Bxa1 17. Rxa1 Nb6 18. Qb5 Bd7 19. Qd3 Be6 20. Nd4 f6 21. a4
Bf7 22. Bh3 Nd7 23. Qb5 Ne5 24. Qxb7 a5 25. Rc1 Re7 26. Qb5 Rc7 27. Qf1 Rxc1 28.
Qxc1 Qe7 29. Bf1 Qb4 30. Qc7 Re8 31. Bf2 Kg7 32. h3 Re7 33. Qc2 Rd7 34. f4 Rxd4
35. fxe5 fxe5 36. Bxd4 exd4 37. Qf2 Qc5 38. Bc4 Bxc4 39. bxc4 Qxc4 40. e5 d3 41.
Qf6+ Kg8 42. Qd8+ Kg7 43. Qf6+ Kg8 44. Qd8+ Kg7 45. Qf6+ Kg8 46. Qd8+ 1/2-1/2

[Event "Al-Ain Classic Open A 2013"]
[Site "Al-Ain UAE"]
[Date "2013.12.24"]
[Round "6.9"]
[White "Andreev, Eduard UKR"]
[Black "Iordachescu, Viorel"]
[Result "1/2-1/2"]
[WhiteTitle "GM"]
[BlackTitle "GM"]
[WhiteElo "2508"]
[BlackElo "2614"]
[WhiteFideId "14103400"]
[BlackFideId "13900200"]
[EventDate "2013.12.19"]

1. e4 c6 2. d4 d5 3. e5 Bf5 4. h4 c5 5. Nc3 Nc6 6. Bb5 cxd4 7. Qxd4 e6 8. g4
Bxc2 9. Kd2 Ne7 10. Kxc2 a6 11. Bxc6+ Nxc6 12. Qf4 d4 13. Ne4 Nb4+ 14. Kd1 Qc7
15. Rh3 Rc8 16. Bd2 Qc2+ 17. Ke1 Nd3+ 18. Rxd3 Qxd3 19. Nf3 Be7 20. Nxd4 O-O 21.
Bc3 b5 22. a3 Rfd8 23. Rd1 Qh3 24. Nd6 Bxd6 25. exd6 Rc4 26. Ba5 Rd7 27. Qf3
Qxf3 28. Nxf3 Rxg4 1/2-1/2

[Event "Al-Ain Classic Open A 2013"]
[Site "Al-Ain UAE"]
[Date "2013.12.24"]
[Round "6.11"]
[White "Gopal, G.N."]
[Black "Mammadov, Zaur"]
[Result "1-0"]
[WhiteTitle "GM"]
[BlackTitle "IM"]
[WhiteElo "2540"]
[BlackElo "2423"]
[WhiteFideId "5015693"]
[BlackFideId "13401033"]
[EventDate "2013.12.19"]

1. e4 c6 2. d4 d5 3. e5 c5 4. Nf3 Bg4 5. dxc5 Nc6 6. c3 e6 7. Be3 Bxf3 8. Qxf3
Nxe5 9. Bb5+ Nc6 10. O-O Nf6 11. c4 Rc8 12. Rd1 a6 13. Ba4 Qa5 14. Nc3 dxc4 15.
Qg3 h5 16. Bd4 h4 17. Qf4 Be7 18. Bxf6 gxf6 19. Bxc6+ Rxc6 20. Ne4 e5 21. Qf5
Qc7 22. h3 Rg8 23. Rd5 Qc8 24. Qh7 Kf8 25. Rad1 Rg7 26. Qxh4 Kg8 27. Rd7 Kf8 28.
Qh5 Rc7 29. Qh8+ Rg8 30. Qh6+ Ke8 31. Rxe7+ 1-0

[Event "Al-Ain Classic Open A 2013"]
[Site "Al-Ain UAE"]
[Date "2013.12.24"]
[Round "6.12"]
[White "Drazic, Sinisa"]
[Black "Babujian, Levon"]
[Result "0-1"]
[WhiteTitle "GM"]
[BlackTitle "GM"]
[WhiteElo "2441"]
[BlackElo "2512"]
[WhiteFideId "901172"]
[BlackFideId "13301993"]
[EventDate "2013.12.19"]

1. d4 Nf6 2. c4 e6 3. Nc3 Bb4 4. e3 d5 5. Bd3 O-O 6. Nf3 c5 7. O-O cxd4 8. exd4
dxc4 9. Bxc4 b6 10. Bg5 Bb7 11. Ne5 Be7 12. Qe2 Nc6 13. Nxc6 Bxc6 14. Bxe6 Bxg2
15. Kxg2 fxe6 16. Qxe6+ Kh8 17. Rad1 Qe8 18. h4 h6 19. Rh1 Qh5 20. Rd3 Rae8 21.
Bxf6 Bxf6 22. Qh3 Qf7 23. Qg3 b5 24. a3 a5 25. f3 Qb3 26. Rhd1 Qxb2+ 27. R1d2
Qxa3 28. Nxb5 Qe7 29. h5 Bh4 30. Qg4 Bg5 31. Rc2 Qb4 32. Nc3 Qb3 33. Rf2 Re3 34.
Rxe3 Bxe3 35. Ne4 Bxf2 36. Kxf2 a4 37. Nc5 Qc2+ 38. Kg3 Qd1 39. Qe4 a3 0-1

[Event "Al-Ain Classic Open A 2013"]
[Site "Al-Ain UAE"]
[Date "2013.12.24"]
[Round "6.14"]
[White "Tunik, Gennady"]
[Black "Filippov, Anton UZB"]
[Result "1/2-1/2"]
[WhiteTitle "GM"]
[BlackTitle "GM"]
[WhiteElo "2416"]
[BlackElo "2634"]
[WhiteFideId "4101219"]
[BlackFideId "14200988"]
[EventDate "2013.12.19"]

1. d4 Nf6 2. c4 e6 3. Nf3 Bb4+ 4. Bd2 a5 5. g3 d6 6. Bg2 Nbd7 7. O-O e5 8. Nc3
O-O 9. a3 Bxc3 10. Bxc3 e4 11. Ne1 d5 12. cxd5 Nb6 13. Nc2 Nbxd5 14. Bd2 h6 15.
Ne3 Re8 16. Qc2 Nxe3 17. Bxe3 Bf5 18. Qb3 Qd7 19. Rfc1 c6 20. a4 Be6 21. Qa3 Bh3
22. b4 Bxg2 23. Kxg2 axb4 24. Qxb4 Nd5 25. Qd2 Ra6 26. a5 h5 27. h4 Rea8 28.
Rcb1 R8a7 29. Rb3 Qf5 30. Rab1 Rxa5 31. Rxb7 Rxb7 32. Rxb7 Ra1 33. Rb3 Qg4 34.
Qc2 Ra6 35. Bg5 Qe6 36. f3 f5 37. Rb7 exf3+ 38. exf3 Ra1 39. Rb2 1/2-1/2

[Event "Al-Ain Classic Open A 2013"]
[Site "Al-Ain UAE"]
[Date "2013.12.24"]
[Round "6.15"]
[White "Gupta, Abhijeet"]
[Black "Baghdasaryan, Vahe"]
[Result "1-0"]
[WhiteTitle "GM"]
[BlackTitle "IM"]
[WhiteElo "2608"]
[BlackElo "2395"]
[WhiteFideId "5010608"]
[BlackFideId "13303139"]
[EventDate "2013.12.19"]

1. d4 d5 2. c4 c6 3. Nf3 Nf6 4. Nc3 dxc4 5. a4 Bf5 6. Ne5 Nbd7 7. Nxc4 Qc7 8. g3
e5 9. dxe5 Nxe5 10. Bf4 Nfd7 11. Bg2 g5 12. Ne3 gxf4 13. Nxf5 O-O-O 14. Qc2 fxg3
15. hxg3 Kb8 16. O-O h5 17. e3 Ng6 18. Rfc1 Nde5 19. Nb5 Qc8 20. Nbd4 h4 21. f4
h3 22. Bh1 h2+ 23. Kf1 c5 24. fxe5 cxd4 25. Qxc8+ Rxc8 26. Rxc8+ Kxc8 27. exd4
Rh5 28. Rc1+ Kd8 29. g4 Rg5 30. Ne3 Nf4 31. Rc2 Ne6 32. Rxh2 Bb4 33. Nd5 Ba5 34.
Nf6 Ke7 35. Rh8 1-0

[Event "Al-Ain Classic Open A 2013"]
[Site "Al-Ain UAE"]
[Date "2013.12.24"]
[Round "6.16"]
[White "Ghaem Maghami, Ehsan"]
[Black "Pourkashiyan, Atousa"]
[Result "1-0"]
[WhiteTitle "GM"]
[BlackTitle "WGM"]
[WhiteElo "2560"]
[BlackElo "2334"]
[WhiteFideId "12500739"]
[BlackFideId "12502014"]
[EventDate "2013.12.19"]

1. e4 e5 2. Nc3 Nf6 3. Nf3 Bb4 4. d3 Nc6 5. Bd2 d5 6. exd5 Nxd5 7. g3 Bg4 8. Bg2
Nd4 9. h3 Bxf3 10. Bxf3 Nxf3+ 11. Qxf3 c6 12. Nxd5 Bxd2+ 13. Kxd2 cxd5 14. Qh5
Qa5+ 15. Kc1 O-O 16. Qxe5 Rac8 17. Re1 Rc6 18. Re3 h6 19. Qd4 Rfc8 20. c3 b5 21.
a3 b4 22. Qxb4 Qc7 23. Re7 Qd8 24. Rxa7 Qf6 25. Kb1 Qxf2 26. Qd4 Qg2 27. Ka2
Rxc3 28. Qf4 Rf8 29. Rf1 Rc2 30. Rb7 d4 31. Qf3 Qxh3 32. g4 Qh2 33. Qd5 Rc7 34.
Rxc7 Qxc7 35. Qxd4 Rb8 36. Qc4 Qd7 37. Rc1 Qe7 38. d4 Rd8 39. d5 Qd6 40. Rd1 g6
41. Qd4 Rd7 42. Rd2 Kh7 43. Qc3 Qf4 44. Rd4 Qe5 45. Qc4 Qd6 46. Qe2 Rb7 47. Qc2
Rc7 48. Qd2 Rb7 49. Qc3 Rd7 50. a4 Qe7 51. Rd3 Qe2 52. Qd4 Re7 53. Rd2 Qe1 54.
Rd1 Qe2 55. Rd2 Qe1 56. d6 Re4 57. d7 Rxd4 58. Rxd4 Qe6+ 59. Kb1 Qe1+ 60. Ka2
Qe6+ 61. Kb1 Qe1+ 62. Kc2 Qe2+ 63. Kc3 Qe3+ 64. Rd3 Qe5+ 65. Kb3 Qb8+ 66. Kc4
Qc7+ 67. Kb4 Qb6+ 68. Kc3 Qc7+ 69. Kb3 Qb6+ 70. Kc2 Qc7+ 71. Kd1 Qd8 72. a5 Kg7
73. a6 Kf6 74. a7 Ke7 75. Ke2 f5 76. gxf5 gxf5 77. Re3+ Kf7 78. Ra3 Qe7+ 79. Kf1
Qxd7 80. a8=Q Qd1+ 81. Kf2 Qd2+ 82. Kf3 Qd1+ 83. Ke3 Qg1+ 84. Kd2 Qf2+ 85. Kc1
Qf4+ 86. Kb1 Qf1+ 87. Ka2 Qc4+ 88. Rb3 1-0

[Event "Al-Ain Classic Open A 2013"]
[Site "Al-Ain UAE"]
[Date "2013.12.24"]
[Round "6.17"]
[White "Geller, Jakov"]
[Black "Petrosyan, Tigran S."]
[Result "1/2-1/2"]
[WhiteTitle "GM"]
[BlackTitle "FM"]
[WhiteElo "2542"]
[BlackElo "2383"]
[WhiteFideId "4151984"]
[BlackFideId "13303678"]
[EventDate "2013.12.19"]

1. c4 Nf6 2. Nc3 e5 3. e3 Bb4 4. Na4 O-O 5. a3 Be7 6. Qc2 c6 7. Nf3 d6 8. b4 Re8
9. Bb2 Bf8 10. Be2 Nbd7 11. O-O d5 12. d3 Bd6 13. e4 d4 14. c5 Be7 15. Ne1 b5
16. cxb6 axb6 17. f4 Ba6 18. Nf3 Bb5 19. fxe5 Ng4 20. e6 fxe6 21. Nxd4 Bxa4 22.
Qc3 Bf6 23. Bxg4 c5 24. bxc5 bxc5 25. Qc4 cxd4 26. Bxe6+ Kh8 27. Bxd7 Qxd7 28.
Rxf6 gxf6 29. Bxd4 Re6 30. Rf1 Qc6 31. Qb4 Kg8 32. h3 Qd6 33. Qc3 Bd7 34. Bxf6
Rxa3 35. Qc1 Be8 36. Qh6 Ra7 37. h4 Bg6 38. e5 Qd4+ 39. Kh2 Rf7 40. Rf4 Qe3 41.
Qg5 Qe2 42. Rf3 Rfxf6 43. exf6 Qe5+ 44. Qxe5 Rxe5 45. g4 Rd5 46. h5 Bxd3 47. Kh3
Kf7 48. g5 Bc2 49. g6+ hxg6 50. hxg6+ Bxg6 51. Kg3 Bf5 52. Kf4 Kxf6 53. Rc3 Rd4+
54. Ke3 Rh4 55. Rc6+ Be6 56. Rd6 Ke5 57. Rd3 Bd5 58. Kd2 Bc4 59. Rd8 Rh3 60. Rd7
Bd5 61. Rd8 Kd4 62. Rd7 Rh2+ 63. Kd1 Ke4 64. Kc1 Bc4 65. Rd2 Rh3 66. Rd8 Bd3 67.
Kd2 Rh2+ 68. Kc3 Rc2+ 69. Kb4 Rc4+ 70. Kb3 Ke3 71. Rh8 Rc5 72. Kb4 Rb5+ 73. Kc3
Re5 1/2-1/2

[Event "Al-Ain Classic Open A 2013"]
[Site "Al-Ain UAE"]
[Date "2013.12.24"]
[Round "6.18"]
[White "Hassan, Sayed Barakat"]
[Black "Shyam, Sundar M."]
[Result "0-1"]
[WhiteTitle "IM"]
[BlackTitle "GM"]
[WhiteElo "2341"]
[BlackElo "2534"]
[WhiteFideId "10600299"]
[BlackFideId "5019141"]
[EventDate "2013.12.19"]

1. e4 c5 2. Nc3 a6 3. g3 b5 4. Bg2 Bb7 5. Nge2 Nf6 6. O-O e6 7. d4 b4 8. Na4
Bxe4 9. dxc5 Bxg2 10. Kxg2 Qc7 11. c3 Bxc5 12. Bf4 Qb7+ 13. Kg1 Ba7 14. cxb4 h5
15. h4 Qxb4 16. Nec3 Nc6 17. Bd6 Qg4 18. Ne2 Qf5 19. b4 Ne4 20. Nc5 Bxc5 21.
bxc5 g5 22. Qb1 0-1

[Event "Al-Ain Classic Open A 2013"]
[Site "Al-Ain UAE"]
[Date "2013.12.24"]
[Round "6.19"]
[White "Batchuluun, Tsegmed"]
[Black "Abdulov, Orkhan"]
[Result "1/2-1/2"]
[WhiteTitle "GM"]
[BlackTitle "IM"]
[WhiteElo "2528"]
[BlackElo "2356"]
[WhiteFideId "4900847"]
[BlackFideId "13402714"]
[EventDate "2013.12.19"]

1. d4 Nf6 2. c4 e5 3. dxe5 Ng4 4. Bf4 g5 5. Bg3 Bg7 6. Nf3 Nc6 7. Nc3 Ngxe5 8.
Nxe5 Nxe5 9. e3 d6 10. h4 g4 11. h5 Be6 12. h6 Bf6 13. Nd5 O-O 14. Be2 Bh8 15.
Bxe5 Bxe5 16. Bxg4 1/2-1/2

[Event "Al-Ain Classic Open A 2013"]
[Site "Al-Ain UAE"]
[Date "2013.12.24"]
[Round "6.20"]
[White "Barsov, Alexei"]
[Black "Elarbi, Abobker"]
[Result "1-0"]
[WhiteTitle "GM"]
[BlackTitle "FM"]
[WhiteElo "2527"]
[BlackElo "2295"]
[WhiteFideId "14200082"]
[BlackFideId "9200355"]
[EventDate "2013.12.19"]

1. d4 Nf6 2. c4 e6 3. Nc3 d5 4. cxd5 exd5 5. Bg5 c6 6. e3 Be7 7. Qc2 O-O 8. Bd3
Nbd7 9. Nf3 Re8 10. O-O h6 11. Bf4 Nh5 12. Nxd5 Nb6 13. Nxe7+ Rxe7 14. Bg3 Nxg3
15. hxg3 Nd5 16. a3 Qd6 17. Rac1 Bg4 18. Ne5 h5 19. Nxg4 hxg4 20. Bf5 Nf6 21.
Qd1 g6 22. Bxg4 Kg7 23. Bf3 Rh8 24. Re1 Rd7 25. Qc2 Qb8 26. Qc5 a6 27. Kf1 Qd8
28. Ke2 Re8 29. Rcd1 Ne4 30. Bxe4 Rxe4 31. f3 Re6 32. Kf2 f5 33. d5 cxd5 34.
Qd4+ Qf6 35. Re2 Rb6 36. g4 Kf7 37. gxf5 gxf5 38. Qa4 Ke7 39. Rh1 Kd8 40. Qf4
Rdd6 41. b4 a5 42. Rh5 axb4 43. Rxf5 Qg6 44. axb4 1-0

[Event "Al-Ain Classic Open A 2013"]
[Site "Al-Ain UAE"]
[Date "2013.12.24"]
[Round "6.21"]
[White "Karavade, Eesha"]
[Black "Hayrapetyan, Hovik"]
[Result "1/2-1/2"]
[WhiteTitle "IM"]
[BlackTitle "GM"]
[WhiteElo "2380"]
[BlackElo "2458"]
[WhiteFideId "5012600"]
[BlackFideId "13302639"]
[EventDate "2013.12.19"]

1. c4 g6 2. g3 Bg7 3. Bg2 d6 4. Nc3 e5 5. d3 Ne7 6. e4 O-O 7. Nge2 c5 8. Be3
Nbc6 9. Qd2 Nd4 10. O-O Rb8 11. f4 a6 12. Rab1 Bg4 13. h3 Bxe2 14. Nxe2 Nxe2+
15. Qxe2 exf4 16. gxf4 Nc6 17. Kh1 Bd4 18. Bd2 Qe7 19. e5 f5 20. e6 Bf6 21. Bc3
Nd4 22. Bxd4 Bxd4 23. b4 1/2-1/2

[Event "Al-Ain Classic Open A 2013"]
[Site "Al-Ain UAE"]
[Date "2013.12.24"]
[Round "6.23"]
[White "Sarwat, Walaa"]
[Black "Kovalev, Vladislav"]
[Result "0-1"]
[WhiteTitle "IM"]
[BlackTitle "GM"]
[WhiteElo "2315"]
[BlackElo "2574"]
[WhiteFideId "10600256"]
[BlackFideId "13504398"]
[EventDate "2013.12.19"]

1. e4 c5 2. Nf3 d6 3. d4 cxd4 4. Nxd4 Nf6 5. Nc3 a6 6. Bc4 e6 7. O-O Be7 8. Bb3
O-O 9. f4 b5 10. e5 dxe5 11. fxe5 Nfd7 12. Bf4 Bb7 13. Qg4 Qb6 14. Rad1 Nc6 15.
Bh6 g6 16. Bxf8 Rxf8 17. Ne2 Ndxe5 18. Qg3 Nc4 19. Kh1 e5 20. Bxc4 bxc4 21. Nxc6
Bxc6 22. b3 Qa5 23. Qc3 Qxc3 24. Nxc3 cxb3 25. axb3 Bc5 26. Nd5 Kg7 27. Rfe1 Rd8
28. c4 Rb8 29. Rd3 Bd4 30. Nc7 a5 31. h3 Bd7 32. Nd5 Bf5 33. Rf3 Bc2 34. Ne7 Rb6
35. Rc1 Be4 36. Rg3 Rf6 37. Nd5 Rf2 38. Nc3 Bc6 39. Nd5 e4 40. Ne7 Bb7 41. c5 e3
42. c6 Ba6 43. Rf3 Rd2 44. Re1 e2 45. Kh2 Rd1 46. Rxe2 Bxe2 0-1

[Event "Al-Ain Classic Open A 2013"]
[Site "Al-Ain UAE"]
[Date "2013.12.24"]
[Round "6.24"]
[White "Chelushkina, Irina"]
[Black "Arab, Adlane"]
[Result "0-1"]
[WhiteTitle "WGM"]
[BlackTitle "IM"]
[WhiteElo "2276"]
[BlackElo "2433"]
[WhiteFideId "928615"]
[BlackFideId "7900872"]
[EventDate "2013.12.19"]

1. g3 Nf6 2. Bg2 d5 3. Nf3 c6 4. O-O Bf5 5. d3 e6 6. c3 Nbd7 7. a4 Be7 8. Na3
O-O 9. Nc2 h6 10. Ne3 Bh7 11. a5 e5 12. a6 b5 13. Nh4 Re8 14. b3 Rc8 15. Nc2 Bf8
16. b4 Nb6 17. Be3 Na4 18. Qd2 Qd7 19. f4 e4 20. Bd4 Be7 21. Bh1 c5 22. bxc5
exd3 23. Nb4 Nxc5 24. Qa2 dxe2 25. Rfe1 Ne6 26. Bf2 Be4 27. Bxe4 Nxe4 28. Qxd5
Qxd5 29. Nxd5 Bxh4 30. gxh4 Rcd8 31. f5 Nxf2 32. Kxf2 Nc5 33. Nf4 Ne4+ 34. Kxe2
Nxc3+ 35. Kf3 Rxe1 36. Rxe1 Kf8 37. Re5 Rc8 38. Nd3 Rc6 39. Re3 Rxa6 0-1

[Event "Al-Ain Classic Open A 2013"]
[Site "Al-Ain UAE"]
[Date "2013.12.24"]
[Round "6.27"]
[White "Erdogdu, Mert"]
[Black "Nameer, Noor. Al-Deen"]
[Result "1-0"]
[WhiteTitle "IM"]
[BlackTitle "CM"]
[WhiteElo "2426"]
[BlackElo "2246"]
[WhiteFideId "6301495"]
[BlackFideId "4801890"]
[EventDate "2013.12.19"]

1. c4 e5 2. Nc3 Nc6 3. Nf3 Nf6 4. g3 Bc5 5. Bg2 d6 6. d3 h6 7. O-O O-O 8. a3 a5
9. Rb1 Bf5 10. h3 Qd7 11. Kh2 Rfe8 12. Nd2 Bg6 13. b3 Rab8 14. Nd5 Nxd5 15. cxd5
Ne7 16. Nc4 Ra8 17. Qc2 c6 18. b4 axb4 19. axb4 Bd4 20. dxc6 bxc6 21. Bb2 Bxb2
22. Qxb2 Reb8 23. Qd2 Rb5 24. Ra1 Rab8 25. Ra4 f6 26. Rc1 Nd5 27. Na5 Ra8 28.
Qa2 Bf7 29. Nxc6 Rc8 30. Ra8 Rxa8 31. Qxa8+ Kh7 32. Qf8 Nxb4 33. Ne7 Qe8 34.
Be4+ g6 35. Nxg6 Qxf8 36. Nxf8+ Kg7 37. Nd7 f5 38. Bxf5 Na6 39. Rc6 Nb8 40. Rc7
Nxd7 41. Bxd7 1-0

[Event "Al-Ain Classic Open A 2013"]
[Site "Al-Ain UAE"]
[Date "2013.12.24"]
[Round "6.28"]
[White "Khalafova, Narmin"]
[Black "Anurag, Mhamal"]
[Result "1/2-1/2"]
[WhiteTitle "WFM"]
[BlackTitle "IM"]
[WhiteElo "2148"]
[BlackElo "2416"]
[WhiteFideId "13402625"]
[BlackFideId "5024366"]
[EventDate "2013.12.19"]

1. e4 e5 2. Nc3 d6 3. g3 Nc6 4. Bg2 h5 5. h3 h4 6. g4 Nge7 7. Nge2 Ng6 8. d4 Be7
9. Be3 Bg5 10. Qd2 Bxe3 11. Qxe3 Nxd4 12. Nxd4 Nf4 13. O-O exd4 14. Qxf4 dxc3
15. b3 Qe7 16. Rad1 Bd7 17. Qe3 Bc6 18. Qxc3 Qe5 19. Qe3 Qa5 20. f4 O-O-O 21.
Kh1 Rhe8 22. Qd4 f6 23. a4 Re7 24. Rfe1 Rde8 25. Re3 Re6 26. Rde1 g5 27. Rf1 Qa6
28. Rf2 b6 29. Kh2 Kb8 30. fxg5 fxg5 31. Qg7 Qa5 32. Rf5 Qd2 33. Qxg5 R6e7 34.
Qh6 d5 1/2-1/2